1344 1579 1246 1536 1953 1833 1324 1391 1515 1414 1323 1096 1331 1017 1263 1164 1280 1711 1484 1394 1659 1293 1279 1200 1318 1574 1854 1003 1829 1120 1040 1699 1028 1849 1657 1949 1470 1298 1928 1543 1112 1888 1788 1152 1913 1708 1557 1274 1817 1097 1365 1790 1289 1584 1586 1462 1244 1666 1239 1648 1090 1104 1763 1233 1501 1053 1377 1701 1931 1883 1411 1215 1693 1687 1699 1084 1691 1438 1568 1032 1001 1935 1929 1045 1921 1376 1272 1988 1473 1897 1009 1963 1170 1153 1070 1807 1272 1452 1377 BCNSPRNW ULIB Ver.6.0+V

เปลี่ยนเป็นภาษาไทย

Change to English
 แสดงรายละเอียดบรรณานุกรม
  กลับหน้าหลัก

Brief Record : Get Marc (ISO 2709) : E-mail record : QR code < ปิดหน้าต่าง
LEADER : 00000nam 2200000uu 4500
001    13399122496
003     ULIB
008    120321sมปป.||||th 000 0 tha d
020    ^a9786165000703
090    ^aนว.^bม415ห
100 0  ^aมุกเรียง
245 00 ^aห้วงรักนิรมิต/^cมุกเรียง
260    ^aกรุงเทพฯ :^bพิมพ์คำ,^cมปป.
300    ^a259 หน้า
710 1  ^aพิมพ์คำ
945    ^p180^l0^i19955
995    ^aทศพร
999    ^aใช้งานได้ทุกระบบ
รายการนี้ยังไม่มีแท็ก
คุณยังไม่ได้ล็อกอิน คุณสามารถมีกิจกรรมร่วมกับเว็บไซต์ได้ แต่ต้องล็อกอินก่อน ::
  ล็อกอิน

รายการสื่อสารสนเทศ

ลำดับที่ ประเภท เลขเรียก/บาร์โค้ด สถานที่ สถานะ
1. นวนิยาย
นวนิยาย
นว. ม415ห ฉ.1 
  Barcode: 19955
ห้องสมุดวิทยาเขตสวรรค์ประชารักษ์
►นวนิยาย
บนชั้น
  ขอยืม

รายการใกล้เคียง
    ผู้แต่ง [มุกเรียง]

BibComment


ยังไม่เคยถูกคอมเมนท์

คอมเมนท์ทรัพยากรรายการนี้
  คอมเมนท์: ห้วงรักนิรมิต มุ..


 Copyright 2026. Bcnsprnw @Library